Normal view
MARC view
Entry Topical Term
001 - CONTROL NUMBER
- control field: 12747
003 - CONTROL NUMBER IDENTIFIER
- control field: HDC
005 - DATE AND TIME OF LATEST TRANSACTION
- control field: 20230624073405.0
008 - FIXED-LENGTH DATA ELEMENTS
- fixed length control field: 210209|| aca||aabn | a|a d
040 ## - CATALOGING SOURCE
- Original cataloging agency: HDC
- Transcribing agency: HDC
150 ## - HEADING--TOPICAL TERM
- Topical term or geographic name entry element: High melting glyceride
670 ## - SOURCE DATA FOUND
- Source citation: Work cat.: (HDC): Kamariah Long, author 12595, Enzymatic modification of flax seed oil and palm based blends in the preparation of table margarine formulation /, 2003
